| 000 | 00460nam a2200181Ia 4500 | ||
|---|---|---|---|
| 003 | GCL | ||
| 008 | 140319s9999 xx 000 0 eng d | ||
| 040 |
_aGCL / _cGCL |
||
| 082 | 0 | 4 |
_aCC _b361.2562 _bA O |
| 100 | 1 | _aARNAUD, JEAN-HUC | |
| 245 | 1 | 0 |
_aOBSERVATOIRE URBAIN DU CAIRE CONTEMPORAIN / _cARNAUD, JEAN-HUC |
| 260 |
_a[S.N] : _bC E D A E ، _c1989 |
||
| 300 | _a107 P | ||
| 650 | 0 | 4 | _aSOCIOLOGY |
| 650 | 0 | 4 | _aEGYPT |
| 650 | 0 | 4 | _aURBAN |
| 942 |
_2ddc _cBK |
||
| 999 |
_c19225 _d19225 |
||